Mal's Capital City Rivers - Statistics

General Stats
  • This quiz has been taken 366 times
    333 since last reset
  • The average score is 13 of 26
Answer Stats
Hint Answer % Correct
London, United Kingdom Thames
93%
Vienna, Austria Danube
92%
Cairo, Egypt Nile
91%
Brazzaville, Congo Congo
87%
Budapest, Hungary Danube
86%
Paris, France Seine
86%
Khartoum, Sudan Nile
77%
Phnom Penh, Cambodia Mekong
76%
Belgrade, Serbia Danube
75%
Washington, USA Potomac
68%
Bamako, Mali Niger
67%
Buenos Aires, Argentina Plate
64%
Montevideo, Uruguay Plate
55%
Warsaw, Poland Vistula
55%
Kiev, Ukraine Dnieper
53%
Vaduz, Liechtenstein Rhine
49%
Amsterdam, Netherlands Amstel
36%
Dublin, Ireland Liffey
35%
Moscow, Russia Moskva
21%
Hanoi, Vietnam Red
17%
Bangui, CAR Ubangi
13%
Delhi, India Yamuna
9%
Brussels, Belgium Zenne
8%
Wellington, New Zealand Hutt
6%
Tokyo, Japan Sumida
4%
Beijing, China Yongding, Chaobai, Juma and Wenyu
4%
No matching quizzes found
Score Distribution
Percent of People with Each Score
Percentile by Number Answered
Your Score History
You have not taken this quiz since the last reset